000 00425nam a2200145Ia 4500
003 OSt
005 20260227100252.0
008 211028s2019 xx 000 0 und d
040 _cAIMIT LIBRARY
041 _aeng
100 _aKhan, Shabaz A; Achar, Sumitha.
_g1716176
_98150
245 _aStudy on consumer perception towards Jeeth Industry Cement Pipes /
260 _aMangalore
_bT Ramesh Kamath
_c2019
942 _2ddc
_cPRO
999 _c219718
_d219718